Red de espías [juego] /
Guardado en:
| Formato: | Objeto Físico |
|---|---|
| Publicado: |
Argentina :
Toyco,
[201?]
|
| Materias: | |
| Etiquetas: |
Agregar Etiqueta
Sin Etiquetas, Sea el primero en etiquetar este registro!
|
| LEADER | 00781nrm a22001815g 4500 | ||
|---|---|---|---|
| 001 | CEM.cems019303 | ||
| 008 | 130507b201?##################0###0#####d | ||
| 005 | 20220830112714.0 | ||
| 003 | CEMS | ||
| 245 | 0 | 0 | |a Red de espías [juego] / |c Toy Company. |
| 260 | |a Argentina : |b Toyco, |c [201?] | ||
| 300 | |a 1 juego (2 paneles de control, 2 clavijas, 36 tarjetas-personajes, 2 mapas misión) ; en caja 27 x 40 x 7 cm. + manual de instrucciones. | ||
| 490 | F | a | |i lia / ToyCo |
| 500 | |a Para 2 jugadores a partir de 6 años objetivo: averiguar quién es el Jefe del Servicio Secreto de tu contrincante antes que él averigue el tuyo. | ||
| 082 | 0 | 4 | |a J793.92 |
| 653 | |a 1. juegos de estrategia y espionaje | ||
| 653 | |a 2. juegos de guerra | ||
| 859 | |a CEMS |b BIB. CEMS - Ludoteca |h J793.92 |i T668 |p 431.15 |t Ej.1 | ||
